Detalles MARC
| 000 -CABECERA |
| campo de control de longitud fija |
01332nam a2200193 a 4500 |
| 001 - NÚMERO DE CONTROL |
| campo de control |
000000384 |
| 005 - FECHA Y HORA DE LA ÚLTIMA TRANSACCIÓN |
| campo de control |
20200929145333.0 |
| 008 - DATOS DE LONGITUD FIJA--INFORMACIÓN GENERAL |
| campo de control de longitud fija |
081126s2008 dr abc r 001 0 spa d |
| 040 ## - FUENTE DE LA CATALOGACIÓN |
| Centro catalogador/agencia de origen |
DO-SdBNP |
| Lengua de catalogación |
spa |
| Centro/agencia transcriptor |
BNPHU |
| 082 ## - NÚMERO DE LA CLASIFICACIÓN DECIMAL DEWEY |
| Número de clasificación |
352.3 |
| Número de documento/Ítem |
C755m |
| 110 2# - ENTRADA PRINCIPAL--NOMBRE DE ENTIDAD CORPORATIVA |
| Nombre de entidad corporativa o nombre de jurisdicción como elemento de entrada |
Consejo Presidencial del SIDA (República Dominicana) |
| 9 (RLIN) |
1279 |
| 245 10 - MENCIÓN DE TÍTULO |
| Título |
Memorias 2004-2008 : |
| Resto del título |
respuesta de nación / |
| Mención de responsabilidad, etc. |
coordinadora de edición Gisela Mera. |
| 260 ## - PUBLICACIÓN, DISTRIBUCIÓN, ETC. |
| Lugar de publicación, distribución, etc. |
Santo Domingo : |
| Nombre del editor, distribuidor, etc. |
COPRESIDA, |
| Fecha de publicación, distribución, etc. |
2008. |
| 300 ## - DESCRIPCIÓN FÍSICA |
| Extensión |
168 p. : |
| Otras características físicas |
il., map., retrs. ; |
| Dimensiones |
27 cm. |
| 505 2# - NOTA DE CONTENIDO CON FORMATO |
| Título |
Presentación -- |
| -- |
Introducción -- |
| -- |
Resumen ejecutivo -- |
| -- |
Contexto y reseña institucional -- |
| -- |
Contexto histórico -- |
| -- |
Respuesta nacional al VIH y SIDA 2004-2008 -- . |
| -- |
Dirección ejecutiva y unidad de gestión de proyectos -- |
| -- |
Anuario de acciones destacadas correspondientes a la gestión gubernamental 2004-2008 -- |
| -- |
Acciones e inversiones según bases poblacionales -- |
| -- |
Ejes transversales -- |
| -- |
Intervenciones y programas especiales -- |
| -- |
Acciones según áreas estratégicas del plan estratégico nacional para la prevención y el control de las ITS, el VIH y el SIDA 2007-2015 (PEN) -- |
| -- |
Fortalecimiento y desarrollo institucional -- |
| -- |
Lista de abreviaturas. |
| 610 24 - PUNTO DE ACCESO ADICIONAL DE MATERIA--NOMBRE DE ENTIDAD CORPORATIVA |
| Nombre de entidad corporativa o nombre de jurisdicción como elemento de entrada |
CONSEJO PRESIDENCIAL DEL SIDA |
| Subdivisión geográfica |
REPÚBLICA DOMINICANA |
| Subdivisión cronológica |
2004-2008 |
| 9 (RLIN) |
1280 |
| 653 0# - TÉRMINO DE INDIZACIÓN--NO CONTROLADO |
| Término no controlado |
MEMORIAS E INFORMES |
| 700 1# - PUNTO DE ACCESO ADICIONAL--NOMBRE DE PERSONA |
| Nombre de persona |
Mera, Gisela, |
| 9 (RLIN) |
1281 |